Animal agriculture : (Record no. 32397)

000 -LEADER
fixed length control field 00641nam a22001697a 4500
008 - FIXED-LENGTH DATA ELEMENTS--GENERAL INFORMATION
fixed length control field 260327b |||||||| |||| 00| 0 eng d
020 ## - INTERNATIONAL STANDARD BOOK NUMBER
International Standard Book Number 9780128170526
050 ## - LIBRARY OF CONGRESS CALL NUMBER
Classification number SF55
Item number .A55 2022
245 ## - TITLE STATEMENT
Title Animal agriculture :
Remainder of title sustainability, challenges and innovations /
Statement of responsibility, etc. edited by Fuller W. Bazer.,G. Cliff Lamb, Guoyao Wu
260 ## - PUBLICATION, DISTRIBUTION, ETC. (IMPRINT)
Place of publication, distribution, etc. San Diego :
Name of publisher, distributor, etc. Elsevier,
Date of publication, distribution, etc. 2020.
300 ## - PHYSICAL DESCRIPTION
Extent xvi, 541p. :
Other physical details ill. ;
Dimensions 24 cm.
504 ## - BIBLIOGRAPHY, ETC. NOTE
Bibliography, etc Include bibliographical references and index
650 ## - SUBJECT ADDED ENTRY--TOPICAL TERM
Topical term or geographic name as entry element Animal culture.
650 ## - SUBJECT ADDED ENTRY--TOPICAL TERM
Topical term or geographic name as entry element Livestock Environmental aspects
650 ## - SUBJECT ADDED ENTRY--TOPICAL TERM
Topical term or geographic name as entry element Sustainable agriculture
942 ## - ADDED ENTRY ELEMENTS (KOHA)
Source of classification or shelving scheme
Classification part SF55 .A55 2022
Koha item type Hard Covered Materials
Holdings
Withdrawn status Lost status Source of classification or shelving scheme Damaged status Not for loan Home library Current library Shelving location Date acquired Source of acquisition Cost, normal purchase price Total Checkouts Full call number Barcode Date last seen Price effective from Koha item type
          MACHAKOS UNIVERSITY LIBRARY MACHAKOS UNIVERSITY LIBRARY Open shelf 16/10/2025 Donation- Falcon 26400.00   SF55 .A55 2022 40436 11/06/2026 27/03/2026 Hard Covered Materials
© Machakos University Library, Along The Highway, Machakos Wote Rd, Machakos, Kenya P.O. Box 136 - 90100 Machakos - Kenya

Tel: ( +254 ) 723 805829 OR Fax : 044-20353 OR Email: library@mksu.ac.ke